Direito processual penal : (Record no. 524)

MARC details
000 -LÍDER
Campo Fixo de Controle 00955nam a2200277 a 4500
001 - NÚMERO DE CONTROLE
Campo de Controle 524
003 - IDENTIFICAÇÃO DO NÚMERO DE CONTROLE
Campo de Controle BR-CuiBMT
005 - DATA E HORA DA ÚLTIMA ATUALIZAÇÃO
Campo de Controle 20231129060118.0
008 - DADOS FIXOS
Dados Fixos 231108b2015 bab 000 0 por d
020 ## - INTERNATIONAL STANDARD BOOK NUMBER
Nº do ISBN 8544204341
040 ## - AGÊNCIA CATALOGADORA
Código da Agência Catalogadora BR-CuiBMT
Agência que transcreveu o registro BR-CuiBMT
080 ## - Nº DA CLASSIFICAÇÃO DECIMAL UNIVERSAL
Nº edição CDU 2007
Nº Class. CDU 343.1
Subd. Auxiliar Comum (079.1)
090 ## - NÚMERO DE CHAMADA
Nº classificação 343.1(079.1)
Cutter C172d
Ano/Edição 2015
100 1# - ENTRADA PRINCIPAL -- AUTOR PESSOAL
Nome pessoal Camargo, Eduardo Aidê Bueno de
245 10 - TÍTULO PRINCIPAL
Título principal Direito processual penal :
Subtítulo em provas discursivas /
Indicação de responsabilidade Eduardo Aidê Bueno de Camargo, Roberto Gomes, William Akerman Gomes.
260 ## - PUBLICAÇÃO, DISTRIBUIÇÃO, ETC.
Local de publicação Salvador :
Editora JusPODIVM,
Data 2015.
300 ## - DESCRIÇÃO FÍSICA
N. páginas ou volumes 420 p. ;
Dimensões 24 cm
490 1# - INDICAÇÃO DE SÉRIE
Título da série Coleção provas discursivas respondidas e comentadas
504 ## - NOTA DE BIBLIOGRAFIA, ETC.
Nota de bibliografia Inclui bibliografia.
650 ## - ASSUNTO TÓPICO
Cabeçalho tópico ou nome geográfico Direito processual penal
Subdivisão geográfica Brasil
650 ## - ASSUNTO TÓPICO
Cabeçalho tópico ou nome geográfico Processo Penal
Subdivisão geral Problemas, questões, exercícios
700 1# - ENTRADA SECUNDÁRIA -- NOME PESSOAL
Nome pessoal Gomes, Roberto
700 1# - ENTRADA SECUNDÁRIA -- NOME PESSOAL
Nome pessoal Gomes, William Akerman
830 #0 - ENTRADA SECUNDÁRIA DE SÉRIE -- TÍTULO UNIFORME
Título uniforme Provas discursivas respondidas e comentadas
942 ## - ELEMENTOS DE ENTRADA ADICIONAIS (KOHA)
Fonte de classificação ou esquema de arquivamento Classificação Decimal Universal
Tipo de item do Koha Livros
Holdings
Estado: removido Estado: perdido Fonte de classificação ou esquema de arquivamento Estado: danificado Indisponível para empréstimo Localização permanente Localização atual Data de aquisição Total Checkouts Número de Chamada completo Código de barras Date last seen Número do exemplar Preço efetivo a partir de Tipo de item (Koha)
    Classificação Decimal Universal     Biblioteca da Escola Superior de Contas do TCE/MT Biblioteca da Escola Superior de Contas do TCE/MT 08/11/2023   343.1 C172d BIBTCEMT23110294 08/11/2023 Ex. 1 08/11/2023 Livros

Powered by Koha